000 00638nam a2200241Ia 4500
003 OSt
005 20220928120927.0
006 a|||||r|||| 00| 0
007 ta
008 220927b |||||||| |||| 00| 0 eng d
024 _a145212
037 _cTextual
040 _aSDCL
_cSDCL
_beng
041 _2eng
_aeng
082 _aB26, N8 ILLL
100 _aGallian Joseph A
_9451377
245 0 _aContemporary abstract algebra
250 _a4
260 _aNew Delhi
_bNarosa Publishing House
_c1998
300 _axii,583p
_ccm.
942 _hB26, N8 ILLL
_cTEXL
_2CC
999 _c765448
_d765448